banner koha

Capparaceae no Rio Grande do Norte, Brasil (Registro n. 330456)

MARC details
000 -LÍDER
fixed length control field 02383nab a2200253 i 4500
003 - CÓDIGO MARC DA AGÊNCIA CATALOGADORA
Campo de controle BR-BrBNA
005 - DATA E HORA DA ÚLTIMA ATUALIZAÇÃO
Campo de controle 20250317111519.0
008 - CAMPO DE TAMANHO FIXO
fixed length control field 250317b2015 bl.qr|pooa||| 00| 0 por |
040 ## - FONTE DA CATALOGAÇÃO
Agência catalogadora BR-BrBNA
Idioma da catalogação por
072 ## - CATEGORIA AGRIS
Código AGRIS F70
100 ## - ENTRADA PRINCIPAL - NOME PESSOAL
Nome pessoal Soares Neto, Raimundo Luciano
100 ## - ENTRADA PRINCIPAL - NOME PESSOAL
Nome pessoal Jardim, Jomar Gomes
245 ## - TÍTULO PRINCIPAL
Título principal Capparaceae no Rio Grande do Norte, Brasil
500 ## - NOTA GERAL
Nota geral Publicação on-line; 38 ref.; 3 illus.; Summaries (En, Pt)
942 ## - ADDED ENTRY ELEMENTS (KOHA)
Koha item type Analítica
520 ## - NOTA DE RESUMO
Nota de conteúdo <br/><br/>Resumo<br/><br/>O presente estudo consiste no levantamento florístico-taxonômico das espécies de Capparaceae para o<br/>estado do Rio Grande do Norte (RN), Nordeste do Brasil. Foram registrados cinco gêneros e seis espécies:<br/>Capparidastrum (1 sp.); Crateva (1 sp.); Cynophalla (2 spp.); Mesocapparis (1 sp.) e Neocalyptrocalyx (1 sp.).<br/>As espécies ocorrem com maior frequência em Caatinga sensu lato e em Floresta Estacional Semidecidual.<br/>Capparidastrum frondosum e Mesocapparis lineata são novas ocorrências, esta última restrita a uma única<br/>localidade no estado. São apresentadas descrições, chave de identificação para as espécies e ilustrações.<br/><br/>Palavras-chave: Brassicales, taxonomia, flora, Cynophalla, Região Nordeste.<br/><br/><br/><br/><br/><br/><br/>Abstract<br/><br/>This study consists in the floristic-taxonomic survey of the Capparaceae species in the state of Rio Grande do<br/>Norte (RN), Northeastern Brazil. Five genera and six species of Capparaceae were registered: Capparidastrum<br/>(1 sp.); Crateva (1 sp.); Cynophalla (2 sp.); Mesocapparis (1 sp.) and Neocalyptrocalyx (1 sp.). The<br/>species occur more frequently in vegetation of Caatinga sensu lato and in Seasonal Semideciduous Forest.<br/>Capparidastrum frondosum and Mesocapparis lineata are new records for the state, with last one being<br/>restricted to a single locality. Descriptions, identification key for species, illustrations and images are presented.<br/><br/>Key words: Brassicales, taxonomy, flora, Cynophalla, Northeastern Brazil.
650 ## - ASSUNTO - THESAGRO
Cabeçalho tópico ou nome geográfico TAXONOMIA
650 ## - ASSUNTO - THESAGRO
Cabeçalho tópico ou nome geográfico FLORA
650 ## - ASSUNTO - THESAGRO
Cabeçalho tópico ou nome geográfico CAPPARACEAE
650 ## - ASSUNTO - THESAGRO
Cabeçalho tópico ou nome geográfico NORDESTE
773 0# - ENTRADA ANALÍTICA
Host Biblionumber 709
Registro do item 349058
Imprenta Rio de Janeiro-RJ Jardim Botanico do Rio de Janeiro 1935
Outro identificador 2025-1576
Título Rodriguésia (Brazil)
ISSN 0370-6583; 2175-7860 on-line
Colação v. 66(3) p. 847-857;(2015)
Número de controle de registro BR2025000217
856 ## - ACESSO E ENDEREÇO ELETRÔNICO
Identificador uniforme de recurso - URI https://www.scielo.br/j/rod/a/qFTPXnCFKqPb43kg8DDhnpF/?format=pdf&lang=pt

Nenhum exemplar disponível.

BINAGRI

Telefone: (61)3218-2567/2388/3357/2097 - binagri@agro.gov.br

Ministério da Agricultura e Pecuária , Esplanada dos Ministérios, Bloco D, Anexo B, Brasília/DF, CEP: 70.043-900